Computer integration into the accounting curriculum : case studies /

Bibliographic Details
Corporate Authors: Coopers & Lybrand Foundation, American Accounting Association
Other Authors: Ingram, Robert W.
Format: Book
Language:English
Published: [U.S.] : Sarasota, FL : Coopers & Lybrand Foundation ; American Accounting Association, [1988]
Series:Accounting education series ; v. no. 8.
Subjects:

MARC

Tag First Indicator Second Indicator Subfields
LEADER 00000cam a2200000 a 4500
001 in00000787607
005 20151017060659.0
008 871201s1988 xxua 00000 eng
010 |a  87073403  
020 |a 0865390665 (pbk.) 
035 |a (OCoLC)18926231 
035 |9 ADM4407AM 
040 |a DLC  |c DLC  |d TXA  |d UtOrBLW 
043 |a n-us--- 
049 |a TXAM  |c [A12330727] 
050 0 0 |a HF5630  |b .C66 1988 
082 0 |a 657/.07/1073  |2 19 
245 0 0 |a Computer integration into the accounting curriculum :  |b case studies /  |c edited by Robert W. Ingram. 
264 1 |a [U.S.] :  |b Coopers & Lybrand Foundation ;  |a Sarasota, FL :  |b American Accounting Association,  |c [1988] 
264 4 |c ©1988 
300 |a viii, 248 pages :  |b illustrations ;  |c 22 cm. 
336 |a text  |b txt  |2 rdacontent 
337 |a unmediated  |b n  |2 rdamedia 
338 |a volume  |b nc  |2 rdacarrier 
490 1 |a Accounting education series ;  |v v. no. 8 
650 0 |a Accounting  |z United States  |x Computer-assisted instruction  |x Case studies. 
700 1 |a Ingram, Robert W. 
710 2 |a Coopers & Lybrand Foundation. 
710 2 |a American Accounting Association. 
830 0 |a Accounting education series ;  |v v. no. 8. 
999 |a MARS 
999 f f |s 03da6ef1-8459-3a99-ae2e-ac44e7c4e02c  |i ef9999db-8e95-3012-bb99-4a18f54fb412  |t 0 
952 f f |p ric  |a Texas A&M University  |b Rellis Campus  |c Joint Library Facility  |d Remote Storage  |t 0  |e HF5630 .C66 1988  |h Library of Congress classification  |i unmediated -- volume  |m A14812330727 
998 f f |a HF5630 .C66 1988  |t 0  |l Remote Storage